English Prose for The Young / (Record no. 6781)
[ view plain ]
| 000 -LEADER | |
|---|---|
| fixed length control field | 00705nam a2200241 a 4500 |
| 001 - CONTROL NUMBER | |
| JCCL Control Number | 6781 |
| 003 - CONTROL NUMBER IDENTIFIER | |
| JCCL marc code | BD-JhCC |
| 005 - DATE AND TIME OF LATEST TRANSACTION | |
| control field | 20180130101443.0 |
| 008 - FIXED-LENGTH DATA ELEMENTS--GENERAL INFORMATION | |
| fixed length control field | 180130s1970 bg |||| || | 000 0 eng d |
| 035 ## - SYSTEM CONTROL NUMBER | |
| system control number | (BD-JhCC)6781 |
| 040 ## - CATALOGING SOURCE | |
| Original cataloging agency | BD-JhCC |
| Modifying agency | BD-JhCC |
| 041 ## - LANGUAGE CODE | |
| Language code of Book | eng |
| 082 ## - DEWEY DECIMAL CLASSIFICATION NUMBER | |
| Classification number | 808 |
| Author mark and Year | HUS 1970 |
| 100 ## - MAIN ENTRY--PERSONAL NAME | |
| Personal name | Husain, Syed Sajjad |
| 245 ## - TITLE STATEMENT | |
| Title | English Prose for The Young / |
| Statement of responsibility, etc | Syed Sajjad Husain, Jalaluddin Ahmed and Syed Rafiquddin Ahmad |
| 260 ## - PUBLICATION, DISTRIBUTION, ETC. (IMPRINT) | |
| Place of publication, distribution, etc | Dacca : |
| Name of publisher, distributor, etc | Board of Intermediate and Secondary Education, |
| Date of publication, distribution, etc | 1970 |
| 300 ## - PHYSICAL DESCRIPTION | |
| Pagination | 228 p. : |
| Dimensions | 24 cm. |
| 650 ## - SUBJECT ADDED ENTRY--TOPICAL TERM | |
| Topical term or geographic name as entry element | English Prose Literature |
| 700 ## - ADDED ENTRY--PERSONAL NAME | |
| Personal name | Ahmed, Jalaluddin |
| 700 ## - ADDED ENTRY--PERSONAL NAME | |
| Personal name | Ahmad, Syed Rafiquddin |
| 942 ## - ADDED ENTRY ELEMENTS (KOHA) | |
| Source of classification or shelving scheme | Dewey Decimal Classification |
| Koha item type | Books |
| Source of classification or shelving scheme | Damaged status | Not for loan | Home library | Current library | Shelving location | Date of accession | Total Checkouts | Full call number | Barcode | Date last seen | Copy number | Koha item type |
|---|---|---|---|---|---|---|---|---|---|---|---|---|
| Dewey Decimal Classification | JCC Rouf Library | JCC Rouf Library | General Stacks | 01/30/2018 | 808 HUS 1970 | 9349 | 01/30/2018 | C-1 | Books |